Mystery Shopping - Knowledge Search

Moderná vedecko-výskumná metóda - Mystery shopping. Charakterizácia problému, vývoj mystery shoppingu a charakterizácia foriem mystery shoppingu. Pohľad na formy mystery shoppingu z hľadiska ich technologickej náročnosti.

Na minha lista:
Detalhes bibliográficos
Autor principal: Čvirik, Marián, 1992-
Formato: Capítulo de Livro
Idioma:inglês
Assuntos:
Tags: Adicionar Tag
Sem tags, seja o primeiro a adicionar uma tag!

MARC

LEADER 00000naa a2200000 4500
001 0271162
005 20250522122843.2
041 0 |a eng 
044 |a SK 
245 1 0 |a Mystery Shopping - Knowledge Search  |c Marián Čvirik 
520 |a Moderná vedecko-výskumná metóda - Mystery shopping. Charakterizácia problému, vývoj mystery shoppingu a charakterizácia foriem mystery shoppingu. Pohľad na formy mystery shoppingu z hľadiska ich technologickej náročnosti. 
610 2 0 |a nákup 
610 2 0 |a vývoj 
610 2 0 |a správanie 
610 2 0 |a obchod 
610 2 0 |a mystery shopping 
100 1 |a Čvirik, Marián, 1992-